00874nam a2200205 i 450000100060000000300090000600500170001500700030003200800410003510000470007624501250012325000230024826000860027130000280035765000410038571000810042685200220050799900170052995201220054620551ES-MaACL20230906152326.0t|021114s1963 uy ||||1| spa d1 aAcevedo Díaz, Eduardo,d1882-195991824810aProyecto de Código civil para la República Oriental del Uruguay publicado en Montevideo en 1852 / cEduardo Acevedo. aEd. conmemorativa. aMontevideo : bMinisterio de Instrucción Pública y Previsión Social,c1963. aLXXI, 529 p. ; c26 cm. 4a Derecho civil-zUruguay.91715201 aUruguay. bMinisterio de Instrucción Pública y Previsión Social.97529 aES-MaACLjC-28654 c20551d20551 00104070aATENEOMbATENEOMcDEPO2d2008-01-17eSCl0oC-28654p1021101r2023-02-23 00:00:00w2023-02-23yMONOGRAFIA